|
|
|
|
| LEADER |
00000nab a2200000uu 4500 |
| 001 |
vtls011452089 |
| 003 |
SK-MaSNL |
| 005 |
20260303164955.0 |
| 008 |
230313|1977 xo |||||||||||||||||slo| |
| 015 |
|
|
|a SNBRB
|
| 035 |
|
|
|a (urnnbn)urn:nbn:sk:snk:ar-007nmp
|
| 035 |
|
|
|a (uuid)2b11cc27-3b3f-43e7-9310-491d2d257741
|
| 035 |
|
|
|a urn:nbn:sk:snk-abcnwg
|
| 040 |
|
|
|a SNKBUCL
|b slo
|c SNKBUCL
|e AACR2
|
| 041 |
0 |
|
|a slo
|
| 044 |
|
|
|a xo
|c SK
|
| 100 |
1 |
|
|a Marčok, Viliam,
|d 1935-2013
|4 aut
|9 99981
|
| 245 |
1 |
0 |
|a Daniel Hevier: S OTCOM V ZÁHRADE
|c Viliam Marčok
|
| 773 |
0 |
|
|t Romboid
|g Roč. 12, č. 2 (1977), s. 77-79
|
| 958 |
|
|
|a OND
|
| 958 |
|
|
|a EUIPO
|
| 958 |
|
|
|a article16
|
| 999 |
|
|
|c 2068989
|d 2070919
|